000 01765nam a2200241Ia 4500
008 260220t1969||||xx |||||||||||||| ||spa||
040 _aPY-SlUNAC
_bspa
_erda
041 _aspa
082 _a154.63
_bN148c
100 _aNagib Rath, Alex
_eAutor
245 0 _aComo interpretar los sueños /
_cpor Alex Nagib Rath [Autor]
264 _aBarcelona :
_bAura,
_c℗1969.
300 _a1 volumen
520 _aEn "Cómo interpretar los sueños", Nagib Rath y Alex ofrecen una guía comprensiva sobre el análisis onírico, explorando la relación entre los sueños y el inconsciente. Los autores examinan la historia de la interpretación de los sueños, desde las antiguas civilizaciones hasta la psicología moderna, destacando la obra de figuras como Sigmund Freud y Carl Jung. A través de ejemplos prácticos y teorías psicológicas, el libro desglosa los símbolos y arquetipos recurrentes en los sueños, sugiriendo que estos pueden revelar deseos reprimidos, conflictos internos y miedos. Además, se abordan técnicas de interpretación personal, instando a los lectores a reflexionar sobre sus propias experiencias oníricas. La obra no solo busca desmitificar los sueños, sino también empoderar al lector en su autoconocimiento y crecimiento personal. Con un enfoque accesible y educativo, "Cómo interpretar los sueños" se convierte en una herramienta valiosa para quienes desean profundizar en su mundo interior y comprender mejor la influencia de los sueños en la vida cotidiana.
653 _aCultura
653 _aInterpretación de los sueños
653 _aPsicología
942 _b2026/02/17
_cBK
999 _c6766
_d6766